[Event "DVM U16 2019"]
[Site "Magdeburg GER"]
[Date "2019.12.29"]
[Round "6"]
[White "Baranyai-Molnar, Adam-Kristof"]
[Black "Henning, Marvin"]
[Result "1-0"]
[Termination "normal"]
[Board "1.3"]
[WhiteElo "1756"]
[BlackElo "1972"]
[WhiteClock "00:43:18"]
[BlackClock "00:06:02"]
[WhiteTeam "SF Neuberg"]
[BlackTeam "Reideburger SV 90 Halle"]
[PlyCount "117"]
[WhiteFideId "768022"]
[BlackFideId "12957399"]
[EventCountry "GER"]
[EventRounds "7"]
[EventType "team-swiss"]
[EventDate "2019.12.26"]

1. e4 {[%clk 1:30:59]} d5 {[%clk 1:30:55]} 2. exd5 {[%clk 1:31:26]} Qxd5 {[%clk
1:31:20]} 3. Nf3 {[%clk 1:31:53]} Nf6 {[%clk 1:31:43]} 4. d4 {[%clk 1:32:08]}
a6 {[%clk 1:31:36]} 5. c4 {[%clk 1:27:51]} Qd8 {[%clk 1:31:39]} 6. Nc3 {[%clk
1:28:04]} g6 {[%clk 1:30:43]} 7. Be2 {[%clk 1:27:37]} Bg7 {[%clk 1:31:05]} 8.
O-O {[%clk 1:27:48]} O-O {[%clk 1:31:28]} 9. h3 {[%clk 1:25:27]} c6 {[%clk
1:31:31]} 10. Be3 {[%clk 1:25:05]} Nbd7 {[%clk 1:30:21]} 11. Qb3 {[%clk
1:23:05]} Re8 {[%clk 1:27:01]} 12. Rad1 {[%clk 1:22:01]} e6 {[%clk 1:16:17]}
13. Ne5 {[%clk 1:18:10]} Qa5 {[%clk 1:12:38]} 14. f4 {[%clk 1:17:27]} c5 {[%clk
1:11:09]} 15. Kh1 {[%clk 1:12:14]} cxd4 {[%clk 1:06:22]} 16. Bxd4 {[%clk
1:12:39]} Qc7 {[%clk 1:04:13]} 17. Bf3 {[%clk 1:09:53]} h6 {[%clk 0:53:37]} 18.
Rfe1 {[%clk 1:09:12]} Rd8 {[%clk 0:41:46]} 19. Na4 {[%clk 1:08:20]} Rb8 {[%clk
0:35:12]} 20. Bb6 {[%clk 0:54:34]} Nxb6 {[%clk 0:35:25]} 21. Qxb6 {[%clk
0:54:57]} Qxb6 {[%clk 0:35:19]} 22. Nxb6 {[%clk 0:55:22]} Re8 {[%clk 0:34:57]}
23. b4 {[%clk 0:55:38]} g5 {[%clk 0:34:39]} 24. g3 {[%clk 0:55:27]} Bf8 {[%clk
0:33:42]} 25. c5 {[%clk 0:55:45]} Be7 {[%clk 0:32:20]} 26. Re2 {[%clk 0:55:01]}
Kg7 {[%clk 0:28:33]} 27. Rc2 {[%clk 0:50:30]} Rf8 {[%clk 0:26:08]} 28. a4
{[%clk 0:50:23]} Nd5 {[%clk 0:18:12]} 29. Bxd5 {[%clk 0:49:50]} exd5 {[%clk
0:18:37]} 30. Ned7 {[%clk 0:50:14]} Bxd7 {[%clk 0:18:39]} 31. Nxd7 {[%clk
0:50:40]} Rbd8 {[%clk 0:18:34]} 32. Nxf8 {[%clk 0:51:03]} Bxf8 {[%clk 0:18:59]}
33. fxg5 {[%clk 0:51:04]} hxg5 {[%clk 0:19:26]} 34. Rcd2 {[%clk 0:51:22]} Be7
{[%clk 0:17:17]} 35. Rxd5 {[%clk 0:51:21]} Rb8 {[%clk 0:17:37]} 36. Rd7 {[%clk
0:50:37]} Bf6 {[%clk 0:18:00]} 37. Re1 {[%clk 0:50:46]} Kg6 {[%clk 0:16:18]}
38. b5 {[%clk 0:49:52]} axb5 {[%clk 0:16:27]} 39. axb5 {[%clk 0:50:16]} Rc8
{[%clk 0:15:18]} 40. Rc1 {[%clk 0:50:20]} Rb8 {[%clk 0:13:45]} 41. b6 {[%clk
0:50:04]} Be5 {[%clk 0:12:15]} 42. Kg2 {[%clk 0:50:13]} f6 {[%clk 0:12:26]} 43.
Rc2 {[%clk 0:49:52]} Kf5 {[%clk 0:12:29]} 44. g4+ {[%clk 0:49:20]} Ke6 {[%clk
0:12:53]} 45. Rd3 {[%clk 0:46:14]} Rc8 {[%clk 0:10:39]} 46. c6 {[%clk 0:45:55]}
bxc6 {[%clk 0:10:48]} 47. b7 {[%clk 0:46:15]} Rb8 {[%clk 0:11:13]} 48. Rxc6+
{[%clk 0:46:38]} Ke7 {[%clk 0:11:40]} 49. Rb6 {[%clk 0:46:35]} Bf4 {[%clk
0:10:40]} 50. Kf3 {[%clk 0:46:36]} Re8 {[%clk 0:09:59]} 51. h4 {[%clk 0:45:37]}
Rb8 {[%clk 0:09:06]} 52. h5 {[%clk 0:45:12]} Bc7 {[%clk 0:09:04]} 53. Rb4
{[%clk 0:44:58]} Ke6 {[%clk 0:08:07]} 54. Re4+ {[%clk 0:42:37]} Be5 {[%clk
0:08:22]} 55. Rb3 {[%clk 0:42:55]} Kd6 {[%clk 0:05:02]} 56. Rxe5 {[%clk
0:42:23]} Kxe5 {[%clk 0:05:18]} 57. h6 {[%clk 0:42:47]} Kd6 {[%clk 0:05:36]}
58. h7 {[%clk 0:43:05]} Kc7 {[%clk 0:06:02]} 59. Ke4 {[%clk 0:43:18]} 1-0

[Event "DVM U16 2019"]
[Site "Magdeburg GER"]
[Date "2019.12.29"]
[Round "6"]
[White "Klaas, Heiko"]
[Black "Gluma, Christian"]
[Result "0-1"]
[Termination "normal"]
[Board "2.4"]
[WhiteElo "1759"]
[BlackElo "1856"]
[WhiteClock "00:21:29"]
[BlackClock "00:05:27"]
[WhiteTeam "Hamburger SK"]
[BlackTeam "Schachgesellschaft Bochum 1931"]
[PlyCount "130"]
[WhiteFideId "16215940"]
[BlackFideId "16223209"]
[EventCountry "GER"]
[EventRounds "7"]
[EventType "team-swiss"]
[EventDate "2019.12.26"]

1. e4 {[%clk 1:30:58]} g6 {[%clk 1:30:57]} 2. d4 {[%clk 1:31:16]} Bg7 {[%clk
1:31:24]} 3. Bc4 {[%clk 1:31:13]} c6 {[%clk 1:31:48]} 4. Nf3 {[%clk 1:26:40]}
d5 {[%clk 1:31:42]} 5. exd5 {[%clk 1:26:46]} cxd5 {[%clk 1:32:06]} 6. Be2
{[%clk 1:26:18]} Nc6 {[%clk 1:29:58]} 7. O-O {[%clk 1:26:03]} Nf6 {[%clk
1:29:58]} 8. Nc3 {[%clk 1:24:58]} O-O {[%clk 1:28:38]} 9. Bf4 {[%clk 1:19:36]}
Bf5 {[%clk 1:22:51]} 10. Ne5 {[%clk 1:12:51]} Nd7 {[%clk 1:04:38]} 11. Nxc6
{[%clk 0:54:38]} bxc6 {[%clk 1:05:02]} 12. Bd3 {[%clk 0:47:36]} Bxd3 {[%clk
1:02:46]} 13. Qxd3 {[%clk 0:46:46]} Qb6 {[%clk 0:59:34]} 14. Ne2 {[%clk
0:46:23]} e5 {[%clk 0:49:33]} 15. dxe5 {[%clk 0:45:00]} Nxe5 {[%clk 0:48:48]}
16. Qg3 {[%clk 0:41:24]} Rfe8 {[%clk 0:40:00]} 17. Rab1 {[%clk 0:34:18]} Nc4
{[%clk 0:37:35]} 18. Nc3 {[%clk 0:31:33]} Re6 {[%clk 0:24:51]} 19. Na4 {[%clk
0:25:08]} Qb5 {[%clk 0:21:58]} 20. b3 {[%clk 0:21:55]} Na3 {[%clk 0:20:56]} 21.
Rbc1 {[%clk 0:20:07]} Rae8 {[%clk 0:17:11]} 22. Bd6 {[%clk 0:16:33]} Nxc2
{[%clk 0:13:55]} 23. h3 {[%clk 0:10:29]} Nd4 {[%clk 0:12:47]} 24. Nc3 {[%clk
0:10:44]} Qa5 {[%clk 0:10:36]} 25. Bc7 {[%clk 0:09:58]} Qxc3 {[%clk 0:05:02]}
26. Rxc3 {[%clk 0:10:19]} Ne2+ {[%clk 0:05:27]} 27. Kh2 {[%clk 0:10:35]} Nxg3
{[%clk 0:05:49]} 28. Rxg3 {[%clk 0:11:03]} Re2 {[%clk 0:05:38]} 29. a4 {[%clk
0:10:58]} Rc2 {[%clk 0:04:26]} 30. f4 {[%clk 0:10:15]} Re4 {[%clk 0:02:45]} 31.
f5 {[%clk 0:08:42]} c5 {[%clk 0:01:57]} 32. f6 {[%clk 0:04:06]} Bh6 {[%clk
0:01:56]} 33. Bd6 {[%clk 0:02:25]} d4 {[%clk 0:01:48]} 34. Rg4 {[%clk 0:02:07]}
Rxg4 {[%clk 0:01:45]} 35. hxg4 {[%clk 0:02:32]} Be3 {[%clk 0:01:30]} 36. Rd1
{[%clk 0:02:41]} h6 {[%clk 0:01:07]} 37. Be5 {[%clk 0:02:19]} Rd2 {[%clk
0:00:54]} 38. Rxd2 {[%clk 0:02:02]} Bxd2 {[%clk 0:01:18]} 39. Kg1 {[%clk
0:02:28]} Bb4 {[%clk 0:00:56]} 40. Kf2 {[%clk 0:02:15]} Kf8 {[%clk 0:01:16]}
41. Ke2 {[%clk 0:02:22]} Ke8 {[%clk 0:01:26]} 42. Bd6 {[%clk 0:01:57]} Kd7
{[%clk 0:24:04]} 43. Bf8 {[%clk 0:31:43]} h5 {[%clk 0:23:30]} 44. gxh5 {[%clk
0:30:55]} gxh5 {[%clk 0:23:56]} 45. Be7 {[%clk 0:30:21]} Ke6 {[%clk 0:22:43]}
46. Kd3 {[%clk 0:30:13]} Kf5 {[%clk 0:20:21]} 47. Bd8 {[%clk 0:30:07]} a5
{[%clk 0:17:56]} 48. Bc7 {[%clk 0:24:04]} Kxf6 {[%clk 0:15:02]} 49. Ke4 {[%clk
0:24:18]} Ke6 {[%clk 0:14:35]} 50. Bg3 {[%clk 0:24:17]} f5+ {[%clk 0:12:44]}
51. Kd3 {[%clk 0:24:07]} Kf6 {[%clk 0:11:43]} 52. Bf4 {[%clk 0:23:38]} h4
{[%clk 0:10:51]} 53. Ke2 {[%clk 0:23:00]} Kg6 {[%clk 0:11:07]} 54. Kd3 {[%clk
0:23:19]} Kh5 {[%clk 0:11:23]} 55. Bb8 {[%clk 0:22:52]} Kg4 {[%clk 0:11:40]}
56. Bc7 {[%clk 0:23:08]} h3 {[%clk 0:08:35]} 57. gxh3+ {[%clk 0:23:13]} Kxh3
{[%clk 0:09:01]} 58. Be5 {[%clk 0:22:42]} Kg4 {[%clk 0:08:42]} 59. Bh2 {[%clk
0:21:17]} f4 {[%clk 0:06:44]} 60. Ke4 {[%clk 0:21:02]} Bd2 {[%clk 0:06:00]} 61.
Kd3 {[%clk 0:20:11]} Be3 {[%clk 0:06:00]} 62. Ke4 {[%clk 0:20:32]} f3 {[%clk
0:05:08]} 63. Kd3 {[%clk 0:20:48]} f2 {[%clk 0:04:49]} 64. Ke2 {[%clk 0:21:14]}
Kh3 {[%clk 0:05:04]} 65. Bc7 {[%clk 0:21:29]} Kg2 {[%clk 0:05:27]} 0-1

[Event "DVM U16 2019"]
[Site "Magdeburg GER"]
[Date "2019.12.29"]
[Round "6"]
[White "Wagner, Margarethe"]
[Black "Engert, Kiyan"]
[Result "0-1"]
[Termination "normal"]
[Board "5.2"]
[WhiteElo "1805"]
[BlackElo "1730"]
[WhiteTeam "Erfurter Schachklub"]
[BlackTeam "Biebertaler Schachfreunde"]
[PlyCount "50"]
[WhiteFideId "16236947"]
[BlackFideId "16214870"]
[EventCountry "GER"]
[EventRounds "7"]
[EventType "team-swiss"]
[EventDate "2019.12.26"]

1. e4 e5 2. Nf3 Nc6 3. Bb5 a6 4. Ba4 Nf6 5. O-O b5 6. Bb3 Be7 7. Re1 O-O 8. c3
d5 9. exd5 Nxd5 10. Nxe5 Nxe5 11. Rxe5 c6 12. Bxd5 cxd5 13. Qf3 Qc7 14. d4 Bd6
15. Re1 Bd7 16. h3 Rae8 17. Rf1 Re6 18. Be3 Rg6 19. Kh1 f5 20. Na3 f4 21. Bd2
Qc6 22. Nc2 Bf5 23. Qd1 f3 24. gxf3 Bxc2 25. Qxc2 Qd7 1-0

[Event "DVM U16 2019"]
[Site "Magdeburg GER"]
[Date "2019.12.29"]
[Round "6"]
[White "Grunwald, Jonathan"]
[Black "Wagner, Victoria"]
[Result "0-1"]
[Termination "normal"]
[Board "5.3"]
[WhiteElo "1815"]
[BlackElo "1797"]
[WhiteTeam "Biebertaler Schachfreunde"]
[BlackTeam "Erfurter Schachklub"]
[PlyCount "60"]
[WhiteFideId "12955744"]
[BlackFideId "16232348"]
[EventCountry "GER"]
[EventRounds "7"]
[EventType "team-swiss"]
[EventDate "2019.12.26"]

1. e4 c5 2. Nc3 a6 3. Nf3 d6 4. d4 cxd4 5. Nxd4 Nf6 6. g3 e5 7. Nde2 Be7 8. Bg5
Nbd7 9. Bg2 h6 10. Bxf6 Nxf6 11. O-O O-O 12. Qd3 b5 13. f4 Bb7 14. Kh1 Rc8 15.
Nd1 Rc7 16. Nf2 Qa8 17. g4 Nd7 18. Ng3 Nc5 19. Qe3 Ne6 20. Nd3 exf4 21. Nxf4
Bg5 22. Nge2 Nxf4 23. Nxf4 Rxc2 24. Qf3 Bxf4 25. Qxf4 d5 26. exd5 Bxd5 27. Bxd5
Qxd5+ 28. Qf3 Qd2 29. Qg3 Rd8 30. b3 Rd3 0-1

[Event "DVM U16 2019"]
[Site "Magdeburg GER"]
[Date "2019.12.29"]
[Round "6"]
[White "Seinsoth, Paul"]
[Black "Peschel, Jan"]
[Result "1-0"]
[Termination "normal"]
[Board "5.4"]
[WhiteElo "1629"]
[BlackElo "1576"]
[WhiteTeam "Erfurter Schachklub"]
[BlackTeam "Biebertaler Schachfreunde"]
[PlyCount "64"]
[WhiteFideId "12994634"]
[BlackFideId "16271629"]
[EventCountry "GER"]
[EventRounds "7"]
[EventType "team-swiss"]
[EventDate "2019.12.26"]

1. e4 e5 2. Nc3 Bc5 3. Nf3 Nc6 4. Bc4 d6 5. O-O Nf6 6. a3 O-O 7. d3 Bg4 8. Be3
Bb6 9. Na4 d5 10. Nxb6 cxb6 11. exd5 Nxd5 12. Qe2 Nf6 13. c3 Re8 14. Bg5 Na5
15. Ba2 Bf5 16. Rad1 Qd6 17. h3 Rad8 18. Bxf6 Qxf6 19. Rfe1 Nc6 20. d4 e4 21.
Nh2 Qg5 22. Qe3 Qg6 23. Nf1 Kf8 24. Ng3 Rd6 25. Nxf5 Qxf5 26. Bb1 Rf6 27. f3
Qb5 28. d5 Na5 29. Bxe4 Nc4 30. Qd3 Qc5+ 31. Qd4 Qxd4+ 32. Rxd4 Nxb2 1-0

[Event "DVM U16 2019"]
[Site "Magdeburg GER"]
[Date "2019.12.29"]
[Round "6"]
[White "Yi, Danny"]
[Black "Klühs, Gustaf"]
[Result "1-0"]
[Termination "normal"]
[Board "6.1"]
[WhiteElo "2182"]
[BlackElo "1865"]
[WhiteTeam "SF 59 Kornwestheim"]
[BlackTeam "SC Borussia Lichtenberg"]
[PlyCount "87"]
[WhiteFideId "12988588"]
[BlackFideId "16228936"]
[EventCountry "GER"]
[EventRounds "7"]
[EventType "team-swiss"]
[EventDate "2019.12.26"]

1. e4 c5 2. Ne2 Nc6 3. Nbc3 g6 4. g3 Bg7 5. Bg2 d6 6. d3 Nf6 7. O-O O-O 8. f4
Bd7 9. h3 Rb8 10. g4 b5 11. Ng3 a5 12. f5 b4 13. Nce2 a4 14. Rb1 Ne8 15. g5 Nc7
16. h4 Nb5 17. Bd2 a3 18. c4 Nbd4 19. b3 Nxe2+ 20. Qxe2 Nd4 21. Qg4 Rb6 22. h5
Be5 23. Bf4 Bxf4 24. Rxf4 e6 25. hxg6 fxg6 26. fxg6 hxg6 27. Rbf1 Rxf4 28. Qxf4
Qe7 29. e5 d5 30. cxd5 exd5 31. Bxd5+ Be6 32. Qe4 Qxg5 33. Bxe6+ Nxe6 34. Kg2
Rb8 35. Rf6 Nf8 36. Qd5+ Kg7 37. Qf7+ Kh6 38. Rf1 Qd2+ 39. Rf2 Qg5 40. Rf1 Qd2+
41. Rf2 Qg5 42. e6 Qe5 43. e7 Nh7 44. Re2 1-0

[Event "DVM U16 2019"]
[Site "Magdeburg GER"]
[Date "2019.12.29"]
[Round "6"]
[White "Kraft, Adrian"]
[Black "Afonso, Nils"]
[Result "1/2-1/2"]
[Termination "normal"]
[Board "6.2"]
[WhiteElo "1715"]
[BlackElo "1955"]
[WhiteTeam "SC Borussia Lichtenberg"]
[BlackTeam "SF 59 Kornwestheim"]
[PlyCount "47"]
[WhiteFideId "16235010"]
[BlackFideId "12990582"]
[EventCountry "GER"]
[EventRounds "7"]
[EventType "team-swiss"]
[EventDate "2019.12.26"]

1. c4 e5 2. Nc3 Nc6 3. g3 f5 4. Bg2 Nf6 5. d3 Be7 6. Nf3 d6 7. a3 a5 8. O-O O-O
9. Rb1 h6 10. b4 axb4 11. axb4 Qe8 12. Nd5 Bd8 13. b5 Ne7 14. Nxf6+ Rxf6 15.
Bd2 Qh5 16. Ra1 Rxa1 17. Qxa1 Rf8 18. Bb4 b6 19. e3 Bb7 20. Nh4 Bxg2 21. Nxg2
f4 22. exf4 exf4 23. Nxf4 Rxf4 24. gxf4 1/2-1/2

[Event "DVM U16 2019"]
[Site "Magdeburg GER"]
[Date "2019.12.29"]
[Round "6"]
[White "Kluge, Malte"]
[Black "Katzenbach, Linus"]
[Result "1/2-1/2"]
[Termination "normal"]
[Board "6.3"]
[WhiteElo "1679"]
[BlackElo "1672"]
[WhiteTeam "SF 59 Kornwestheim"]
[BlackTeam "SC Borussia Lichtenberg"]
[PlyCount "54"]
[WhiteFideId "16243838"]
[BlackFideId "16257537"]
[EventCountry "GER"]
[EventRounds "7"]
[EventType "team-swiss"]
[EventDate "2019.12.26"]

1. d4 Nf6 2. c4 e6 3. g3 d5 4. Bg2 Bd6 5. Nf3 O-O 6. O-O c6 7. b3 Nbd7 8. Nc3
b6 9. Bf4 Qc7 10. e3 Ba6 11. Qc2 dxc4 12. bxc4 Bxc4 13. Rfc1 e5 14. dxe5 Nxe5
15. Nxe5 Bxe5 16. Bxe5 Qxe5 17. Ne4 b5 18. Nd2 Bd5 19. Bxd5 cxd5 20. Nb3 Ne4
21. Nd4 a6 22. Qc6 Rfe8 23. Rc2 h5 24. Rac1 h4 25. Nf3 Qh5 26. Nxh4 Qe5 27. Nf3
Qf5 1/2-1/2

[Event "DVM U16 2019"]
[Site "Magdeburg GER"]
[Date "2019.12.29"]
[Round "6"]
[White "Gillmeister, Gino"]
[Black "Afonso, Phil"]
[Result "1-0"]
[Termination "normal"]
[Board "6.4"]
[WhiteElo "1599"]
[BlackElo "1650"]
[WhiteTeam "SC Borussia Lichtenberg"]
[BlackTeam "SF 59 Kornwestheim"]
[PlyCount "120"]
[WhiteFideId "16224914"]
[BlackFideId "16207475"]
[EventCountry "GER"]
[EventRounds "7"]
[EventType "team-swiss"]
[EventDate "2019.12.26"]

1. b3 e5 2. Bb2 Nc6 3. c4 Nf6 4. e3 d5 5. cxd5 Nxd5 6. a3 Be6 7. Qc2 a6 8. Nf3
Bd6 9. d4 exd4 10. Nxd4 Nxd4 11. Bxd4 Nf6 12. Nd2 c5 13. Bb2 b5 14. Rd1 Qe7 15.
Bxf6 gxf6 16. Ne4 Rd8 17. Qc3 Be5 18. Rxd8+ Qxd8 19. Qxc5 Bxb3 20. Bxb5+ axb5
21. Qxb5+ Kf8 22. Qxb3 f5 23. Qb4+ Kg7 24. Ng3 Qc7 25. O-O Kg6 26. Rb1 f6 27.
Qb5 Qc3 28. Qd7 Bxg3 29. hxg3 Qxa3 30. Rb7 Qf8 31. f4 h5 32. Rc7 Qg8 33. Rc5
Kh6 34. Qxf5 Qg6 35. Qxg6+ Kxg6 36. Kf2 Re8 37. Kf3 f5 38. Re5 Ra8 39. Re6+ Kg7
40. Kf2 Ra2+ 41. Kg1 Re2 42. Kf1 Ra2 43. e4 Ra1+ 44. Kf2 Ra2+ 45. Kg1 Re2 46.
exf5 Ra2 47. Kh2 Ra5 48. Re5 Ra1 49. f6+ Kxf6 50. Rxh5 Kg6 51. Rb5 Ra6 52. g4
Kf6 53. Kh3 Kg6 54. Kh4 Ra2 55. Rb6+ Kg7 56. g3 Rh2+ 57. Kg5 Rg2 58. Rb7+ Kg8
59. Kg6 Kf8 60. g5 Rxg3 1-0

[Event "DVM U16 2019"]
[Site "Magdeburg GER"]
[Date "2019.12.29"]
[Round "6"]
[White "Pahl, Erik"]
[Black "Gubariev, Jakob"]
[Result "1/2-1/2"]
[Termination "normal"]
[Board "7.1"]
[WhiteElo "2030"]
[BlackElo "1896"]
[WhiteTeam "Delmenhorster SK V 1931"]
[BlackTeam "Schachfreunde Augsburg"]
[PlyCount "77"]
[WhiteFideId "16201272"]
[BlackFideId "16216938"]
[EventCountry "GER"]
[EventRounds "7"]
[EventType "team-swiss"]
[EventDate "2019.12.26"]

1. e4 e6 2. d4 d5 3. Bd3 dxe4 4. Bxe4 Nf6 5. Bf3 c5 6. Ne2 Nc6 7. Be3 cxd4 8.
Nxd4 Ne5 9. Nc3 Bb4 10. Ndb5 Nxf3+ 11. Qxf3 a6 12. Nd4 Nd5 13. Bd2 Nxc3 14.
bxc3 Bd6 15. O-O O-O 16. Rab1 Qc7 17. h3 Rb8 18. Rbd1 b6 19. Bc1 Bb7 20. Qg4
Kh8 21. Bb2 Be5 22. Rfe1 Rbd8 23. h4 Bf6 24. h5 Rd5 25. f4 h6 26. Nf3 Bxc3 27.
Bxc3 Qxc3 28. Ne5 Qxc2 29. Rc1 Qd2 30. Red1 Qe3+ 31. Kh2 Rxd1 32. Rxd1 Bd5 33.
Rd3 Qe4 34. Rg3 Qh7 35. a3 b5 36. Nd7 Rd8 37. Ne5 Rf8 38. Nd7 Rd8 39. Ne5
1/2-1/2

[Event "DVM U16 2019"]
[Site "Magdeburg GER"]
[Date "2019.12.29"]
[Round "6"]
[White "Brückner, Alexander"]
[Black "Pahl, Theis"]
[Result "0-1"]
[Termination "normal"]
[Board "7.2"]
[WhiteElo "1876"]
[BlackElo "2022"]
[WhiteTeam "Schachfreunde Augsburg"]
[BlackTeam "Delmenhorster SK V 1931"]
[PlyCount "56"]
[WhiteFideId "12952613"]
[BlackFideId "16201264"]
[EventCountry "GER"]
[EventRounds "7"]
[EventType "team-swiss"]
[EventDate "2019.12.26"]

1. e4 c5 2. Nc3 a6 3. d3 b5 4. g3 Bb7 5. Bg2 e6 6. f4 b4 7. Nce2 d5 8. exd5
exd5 9. d4 Nf6 10. Nf3 Nc6 11. O-O Be7 12. h3 O-O 13. Be3 Ne4 14. dxc5 Re8 15.
Kh2 Bf6 16. Bd4 Nxd4 17. Nexd4 Nxc5 18. Qd2 Qb6 19. Rae1 Ne4 20. Qe3 a5 21. Ne5
Bxe5 22. fxe5 Rxe5 23. Qf4 f6 24. Nf5 Rae8 25. Qg4 Qc7 26. Nd4 Nd2 27. Rxf6
Rxe1 28. Nf5 Kh8 0-1

[Event "DVM U16 2019"]
[Site "Magdeburg GER"]
[Date "2019.12.29"]
[Round "6"]
[White "Alhamid, Mohamad"]
[Black "Vuckovic, Katarina"]
[Result "1-0"]
[Termination "normal"]
[Board "7.3"]
[WhiteElo "1688"]
[BlackElo "1309"]
[WhiteTeam "Delmenhorster SK V 1931"]
[BlackTeam "Schachfreunde Augsburg"]
[PlyCount "93"]
[WhiteFideId "16235665"]
[BlackFideId "16232615"]
[EventCountry "GER"]
[EventRounds "7"]
[EventType "team-swiss"]
[EventDate "2019.12.26"]

1. e4 c5 2. Nf3 Nc6 3. Bb5 e6 4. Bxc6 bxc6 5. b3 d5 6. Nc3 Nf6 7. e5 Nd7 8. O-O
Be7 9. Kh1 Qc7 10. Re1 Bb7 11. a4 g5 12. d4 cxd4 13. Nxd4 Nxe5 14. Qh5 O-O-O
15. Bxg5 Bxg5 16. Qxg5 Ng6 17. a5 Rhg8 18. a6 Ba8 19. Qf6 Nf4 20. g3 Ng6 21.
Kg1 h5 22. Nf3 Rde8 23. Ne5 Nxe5 24. Rxe5 Rg6 25. Qf4 Reg8 26. Qe3 h4 27. Ne2
hxg3 28. fxg3 Rg4 29. Rf1 c5 30. Rh5 R4g7 31. c4 Qb6 32. cxd5 Bxd5 33. Rc1 Kd7
34. Nf4 Bxb3 35. Rhxc5 Ba4 36. Qd4+ Qd6 37. Qxa4+ Ke7 38. Rc7+ Kf8 39. Rc8+ Ke7
40. R1c7+ Kf6 41. Qa1+ Kf5 42. Qb1+ Kg4 43. Rxg8 Qd4+ 44. Kf1 Rxg8 45. Qe1 Rh8
46. Qe2+ Kf5 47. Rxf7+ 1-0

[Event "DVM U16 2019"]
[Site "Magdeburg GER"]
[Date "2019.12.29"]
[Round "6"]
[White "Hamkar, Behzad"]
[Black "Sinnhöfer, Joshua"]
[Result "0-1"]
[Termination "normal"]
[Board "7.4"]
[WhiteElo "1223"]
[BlackElo "1654"]
[WhiteTeam "Schachfreunde Augsburg"]
[BlackTeam "Delmenhorster SK V 1931"]
[PlyCount "66"]
[WhiteFideId "16255631"]
[BlackFideId "16201361"]
[EventCountry "GER"]
[EventRounds "7"]
[EventType "team-swiss"]
[EventDate "2019.12.26"]

1. e4 e5 2. Nf3 Nc6 3. d4 exd4 4. Bc4 Bc5 5. c3 Nf6 6. e5 d5 7. Bb5 Ne4 8. Nxd4
Bd7 9. Bxc6 Bxc6 10. f3 Qh4+ 11. g3 Nxg3 12. hxg3 Qxh1+ 13. Kd2 Qg2+ 14. Qe2
Qxg3 15. Kc2 Bxd4 16. cxd4 h5 17. Bd2 h4 18. e6 Qg6+ 19. Qd3 Qxd3+ 20. Kxd3
fxe6 21. Nc3 O-O-O 22. Rh1 Rdf8 23. Ke2 Be8 24. Rh3 Rf5 25. f4 Bh5+ 26. Kf2 g5
27. Ne2 Bg4 28. Rh2 Bxe2 29. Kxe2 g4 30. Be1 Rxf4 31. Rxh4 Rxh4 32. Bxh4 Rxd4
33. Bf2 Re4+ 0-1

[Event "DVM U16 2019"]
[Site "Magdeburg GER"]
[Date "2019.12.29"]
[Round "6"]
[White "Helmsdorf, Marius"]
[Black "Stirnberg, Noah"]
[Result "1/2-1/2"]
[Termination "normal"]
[Board "8.2"]
[WhiteElo "1574"]
[BlackElo "1877"]
[WhiteTeam "ESV Gera"]
[BlackTeam "SK Blauer Springer Paderborn 1926 e. V."]
[PlyCount "79"]
[WhiteFideId "16274873"]
[BlackFideId "16207742"]
[EventCountry "GER"]
[EventRounds "7"]
[EventType "team-swiss"]
[EventDate "2019.12.26"]

1. c4 Nf6 2. g3 e6 3. Nf3 b6 4. Bg2 Bb7 5. O-O Be7 6. d4 O-O 7. b3 d6 8. Bb2
Nbd7 9. Nbd2 c5 10. e3 Qc7 11. Qe2 Ne4 12. Rac1 Nxd2 13. Nxd2 Bxg2 14. Kxg2
Qb7+ 15. Qf3 Qxf3+ 16. Nxf3 Bf6 17. Rfd1 Rfd8 18. Rd2 Nf8 19. Rcd1 Rd7 20. dxc5
Bxb2 21. Rxb2 bxc5 22. Rbd2 Rad8 23. e4 f6 24. Ne1 Kf7 25. f4 Ng6 26. Nc2 Ne7
27. Kf3 d5 28. exd5 exd5 29. cxd5 Rxd5 30. Rxd5 Rxd5 31. Rxd5 Nxd5 32. Ne3 Nc3
33. a4 Ke6 34. g4 Na2 35. Nc4 Kd5 36. Ke3 Nc1 37. Na5 Na2 38. Nc4 Nc1 39. Na5
Na2 40. Nc4 1/2-1/2

[Event "DVM U16 2019"]
[Site "Magdeburg GER"]
[Date "2019.12.29"]
[Round "6"]
[White "Möller, Maurin"]
[Black "Frank, Marian"]
[Result "1/2-1/2"]
[Termination "normal"]
[Board "8.3"]
[WhiteElo "1629"]
[BlackElo "1286"]
[WhiteTeam "SK Blauer Springer Paderborn 1926 e. V."]
[BlackTeam "ESV Gera"]
[PlyCount "85"]
[WhiteFideId "16265696"]
[BlackFideId "16245059"]
[EventCountry "GER"]
[EventRounds "7"]
[EventType "team-swiss"]
[EventDate "2019.12.26"]

1. e4 e5 2. Nf3 Nc6 3. d4 exd4 4. Bc4 Bc5 5. c3 d3 6. Qxd3 Nf6 7. O-O d6 8. a4
a5 9. Bg5 Bg4 10. Nbd2 O-O 11. h3 Be6 12. Rad1 Qe7 13. Rfe1 Ne5 14. Nxe5 dxe5
15. Nf3 Bxf2+ 16. Kxf2 Qc5+ 17. Qe3 Nxe4+ 18. Kg1 Qxe3+ 19. Rxe3 Nxg5 20. Nxe5
Bxc4 21. Nxc4 b6 22. Re7 Ne6 23. Rf1 Nc5 24. Rxc7 Nxa4 25. Rb7 Rab8 26. Rfxf7
Rxf7 27. Rxb8+ Rf8 28. Rxf8+ Kxf8 29. Kf2 Ke7 30. Ke3 b5 31. Nxa5 Nxb2 32. Nc6+
Kd6 33. Nd4 Kc5 34. Kd2 Kc4 35. Nf5 Na4 36. Nd6+ Kc5 37. Ne4+ Kc4 38. g4 Kd5
39. Kd3 Nb2+ 40. Ke3 Nd1+ 41. Kd3 Nb2+ 42. Ke3 Nd1+ 43. Kd3 1/2-1/2

[Event "DVM U16 2019"]
[Site "Magdeburg GER"]
[Date "2019.12.29"]
[Round "6"]
[White "Schulter, Moritz"]
[Black "Janke, Julian"]
[Result "1/2-1/2"]
[Termination "normal"]
[Board "8.4"]
[WhiteElo "1598"]
[BlackElo "1659"]
[WhiteTeam "ESV Gera"]
[BlackTeam "SK Blauer Springer Paderborn 1926 e. V."]
[PlyCount "59"]
[WhiteFideId "16245067"]
[BlackFideId "16229185"]
[EventCountry "GER"]
[EventRounds "7"]
[EventType "team-swiss"]
[EventDate "2019.12.26"]

1. c4 c5 2. Nc3 Nc6 3. g3 g6 4. Bg2 Bg7 5. e3 e5 6. Nge2 Nge7 7. O-O O-O 8. b3
b6 9. Rb1 Bb7 10. Bb2 Rb8 11. a3 a6 12. Qc2 Qc7 13. Nd5 Nxd5 14. cxd5 Ne7 15.
e4 f5 16. f3 d6 17. d4 Rbc8 18. dxe5 dxe5 19. Rfd1 Qd6 20. Rd3 a5 21. a4 Ba6
22. Rc3 Rc7 23. Ba3 Rd7 24. Rd1 Qf6 25. Nc1 Nc8 26. Nd3 Nd6 27. Nf2 Bh6 28. Bc1
Bxc1 29. Rxc1 Qg5 30. Rd1 1/2-1/2